Detalles MARC
| 000 -LIDER |
| fixed length control field |
01147nam a22003855b 4500 |
| 001 - NÚMERO DE CONTROL |
| Identificador de número de control |
7859 |
| 003 - IDENTIFICACDOR DE NÚMERO DE CONTROL |
| control field |
DO-SdBNP |
| 005 - DATE AND TIME OF LATEST TRANSACTION |
| control field |
20180221105920.0 |
| 007 - CAMPOS FIJOS DE DESCRIPCIÓN FÍSICA |
| fixed length control field |
7859 |
| 008 - ELEMENTOS DE LONGITUD FIJA |
| fixed length control field |
920408s1991 sp a |||| ||spa |
| 016 7# - NO. DE CONTROL DE LA AGENCIA BIB. NACIONAL |
| Record control number |
|
| Source |
BPMSU |
| 017 ## - NÚMERO DE REGISTRO DE DERECHOS DE AUTOR |
| Copyright or legal deposit number |
|
| Assigning agency |
|
| 020 ## - ISBN |
| International Standard Book Number |
843482759X |
| 035 ## - NÚMERO LOCAL |
| System control number |
|
| 040 ## - FUENTE DE CATALOGACIÓN |
| Agencia que crea de manera original el registro |
BPMSU |
| Idioma de catalogación |
spa |
| Agencia que realiza la transcripción |
BPMUS |
| Convenciones de la despripción |
|
| 041 1# - CÓDIGOS DE OBRAS TRADUCIDAS O EN VARIOS IDIOMAS |
| Código del idioma del texto/archivo de sonido o separata |
spa |
| Cód. del idioma original y/o traducciones intermedias del texto |
|
| 080 ## - NÚMERO DE CLASIFICACIÓN DECIMAL UNIVERSAL |
| Universal Decimal Classification number |
|
| 092 ## - LOCALLY ASSIGNED DEWEY DECIMAL CALL NUMBER |
| Número de clasificación |
833.91 |
| Número de ítem (Cutter) |
W853l |
| 100 1# - ASIENTO PRINCIPAL -- NOMBRE PERSONAL |
| Nombre personal |
Wolf, Klaus-Peter |
| Fechas asociadas con el nombre |
1954- |
| 240 10 - TITULO UNIFORME |
| Título uniforme |
Meine Mutter haut sogar Django in die Pfanne / |
| 245 10 - MENCIÓN DE TITULO |
| Título |
Lili, Diango y el sheriff / |
| Mención de responsabilidad |
Klaus-Peter Wolf ; traducción Elsa Alfonso Mori ; ilustraciones, Federico Delicado |
| Medio (Designación general de material) |
|
| 250 ## - MENCIÓN DE EDICION |
| Mención de edición |
3a. ed. |
| 260 ## - PUBLICACIÓN, DISTRIBUCIÓN, ETC. (PIE DE IMPRENTA) |
| Lugar de publicación, distribución, etc |
Madrid : |
| Nombre del editor, distribuidor, etc. |
SM, |
| Fecha de publicación, distribución, etc |
1991 |
| 300 ## - DESCRIPCIÓN FÍSICA |
| Extensión |
83 p. : |
| Otros detalles físicos |
il. ; |
| Dimensiones |
19 cm |
| 490 1# - MENCIÓN DE SERIES |
| Mención de serie |
El barco de vapor |
| -- |
Serie azul |
| Volume/sequential designation |
33 |
| 521 ## - TARGET AUDIENCE NOTE |
| Target audience note |
A partir de 7 años. |
| 650 ## - ENCABEZAMIENTO DE MATERIA--TEMÁTICO |
| Fuente del encabezamiento o término |
CUENTOS INFANTLES ALEMANES |
| 650 ## - ENCABEZAMIENTO DE MATERIA--TEMÁTICO |
| Término temático o nombre geográfico como elemento de entrada |
LITERATURA INFANTIL ALEMANA |
| 700 1# - ASIENTO SECUNDARIO -- NOMBRE PERSONAL |
| Nombre personal |
Alfonso, Elsa |
| Mención de responsabilidad |
tra. |
| 700 1# - ASIENTO SECUNDARIO -- NOMBRE PERSONAL |
| Nombre personal |
Delicado, Federico |
| Fechas asociadas con el nombre |
1956- |
| Mención de responsabilidad |
il. |
| 830 ## - ASIENTO SECUNDARIO DE SERIE--TÍTULO UNIFORME |
| Título uniforme |
El barco de vapor |
| Volume number/sequential designation |
33 |
| Nombre de la parte o sección de una obra |
Serie azul |
| 942 ## - ADDED ENTRY ELEMENTS (KOHA) |
| Source of classification or shelving scheme |
Dewey Decimal Classification |
| Koha item type |
Libros |
| 945 ## - INFORMACIÓN DE PROCESAMIENTO LOCAL |
| Información de procesamiento local |
Inventariado, 2018/ YL |
| 956 ## - LOCAL ELECTRONIC LOCATION AND ACCESS (OCLC) |
| Nombre de host |
VMATEO |
| Método de acceso |
10 |
| Materiales especificados |
20160406 |
| Enlace |
BPMSU |
| Campo enlazado y núm. de secuencia |
0069 |